00938nam a2200205 a 450000100100000000500170001000800410002702000150006804000250008310000380010824500820014626000370022830000290026550000550029470000330034995201050038295201110048795201170059899900170071500003780020201002031120.0130306s1999 cl ac 000 0 spa d a9583006408 aDO-SdBNPbspacBNPHU1 aPoe, Edgar Alland1809-18499990310aNarraciones extraordinarias /cEdgar Allan Poe ;traducción Juliana Borrero. aColombia :bPanamericana,c1999. a312 p. :bil., ;c21 cm. aIncluye datos biográficos del autor en la solapa1 aBorrero, Julianaetr.964251 001050718MOaGRbGRcHDd2013-03-06iLF1l0o p37800-10r2020-06-25w2020-06-25y1ZNo se presta 001050718MOaGRbGRcHDd2013-05-21iLF1l0o p37800-20r2020-06-25te. 2w2020-06-25y1ZNo se presta 001052708MOaGRbGRcHDd2013-06-06iLF1l0o p37800-30r2020-06-25te. 3w2020-06-25y2ZPréstamo interno c37290d37290